Values, ethics and health care / (Record no. 9405)
[ view plain ]
| 000 -LEADER | |
|---|---|
| fixed length control field | 00568cam a22002052 4500 |
| 001 - CONTROL NUMBER | |
| control field | 0000020584 |
| 005 - DATE AND TIME OF LATEST TRANSACTION | |
| control field | 20151217152217.0 |
| 008 - FIXED-LENGTH DATA ELEMENTS--GENERAL INFORMATION | |
| fixed length control field | 110926s xx 000 0 eng d |
| 020 ## - INTERNATIONAL STANDARD BOOK NUMBER | |
| International Standard Book Number | 1412923521 : |
| 040 ## - CATALOGING SOURCE | |
| Original cataloging agency | KABU |
| Transcribing agency | KABU |
| 100 1# - MAIN ENTRY--PERSONAL NAME | |
| Personal name | Duncan, Peter. |
| -- | 0000181023 |
| 245 10 - TITLE STATEMENT | |
| Title | Values, ethics and health care / |
| Statement of responsibility, etc. | Peter Duncan. |
| 250 ## - EDITION STATEMENT | |
| Edition statement | 1st ed. |
| 260 ## - PUBLICATION, DISTRIBUTION, ETC. (IMPRINT) | |
| Place of publication, distribution, etc. | Los Angeles : |
| Name of publisher, distributor, etc. | Sage, |
| Date of publication, distribution, etc. | 2010. |
| 300 ## - PHYSICAL DESCRIPTION | |
| Extent | 1st p. |
| 650 #0 - SUBJECT ADDED ENTRY--TOPICAL TERM | |
| Topical term or geographic name as entry element | Medical ethics. |
| -- | 0000178497 |
| 852 1# - LOCATION | |
| -- | p3051.95 KES |
| 908 ## - PUT COMMAND PARAMETER (RLIN) | |
| Put command parameter | 110926 |
| 950 ## - LOCAL HOLDINGS (RLIN) | |
| -- | 1 |
| Withdrawn status | Lost status | Source of classification or shelving scheme | Not for loan | Home library | Current library | Date acquired | Total Checkouts | Full call number | Barcode | Date last seen | Price effective from | Koha item type |
|---|---|---|---|---|---|---|---|---|---|---|---|---|
| Library of Congress Classification | Kabarak, Main Campus | Kabarak, Main Campus | 17/12/2015 | R724 .D86 2010 c.1 | 19365 | 17/12/2015 | 17/12/2015 | General Collection |